000 01979cam a22004934i 4500
003 PE-LiUPU
005 20250731173426.0
008 150706s r 000 0 d
020 _a9780829751710
035 _a(Sirsi) i9780829751710
040 _aPE-LiUPU
_bspa
_cPE-LiUPU
_erda
049 _aPRUA
082 0 4 _a248.832085
_bB39
_221
100 1 _aBerndt, Jodie,
_eautor.
245 1 0 _aOraciones bíblicas por nuestros adolescentes :
_bdescubre cómo orar por la voluntad de Dios para sus vidas /
_cJodie Berndt.
264 1 _aMiami, Florida :
_bVida,
_c2009.
300 _a319 páginas ;
_c18 cm.
336 _atext
_2rdacontent
337 _aunmediated
_2rdamedia
338 _avolume
_2rdacarrier
505 0 _aOraciones por el carácter de nuestros adolescentes -- Oraciones por las relaciones de nuestros adolescentes -- Oraciones por la salud y la seguridad de nuestros adolescentes -- Oraciones por la victoria de nuestros adolescentes sobre la tentación -- Oraciones por el futuro de nuestros adolescentes.
526 _aSEG42
526 _aSEG41
526 _aSEG40
526 _aSEG39
526 _aP94
526 _aP87
526 _aP86
526 _aP85
526 _aP77
526 _aP76
526 _aP35
541 _g001-0000612;
630 _aBiblia
_vLiteratura devocional.
650 0 4 _aMadres
_xOraciones y devociones.
650 0 4 _aAdolescentes cristianos
_xVida Religiosa.
700 1 _aFuchs, David,
_etr.
910 _agl
_bjv
_clch
_d20121127
942 _2ddc
_cBOOK
949 _a248.832085 B39
_wDEWEY
_c1
_i65784
_lCCODEBUL1
_mBUL
_p31.00
_r0
_sY
_tBOOK
_u2015-7-6
_xTEOLOGIA
_PP35
_o.STAFF. Colección General
994 _aC0
_bPEPRU
596 _a1
999 _a248.832085 B39
_wDEWEY
_c54192
_i65784
_f2021-11-10
_g5
_lCCODEBUL1
_mBUL
_p31.00
_r0
_sY
_tBOOK
_u2015-7-6
_xTEOLOGIA
_PP35
_0COMPRA
_o.STAFF. Colección General
_d54192
980 _81
_gALBERTO SANCHEZ Responsable de Automatización